000 00777cam a2200205 4500
001 ABS65989
008 020925n2002 000 0 eng u
035 _a(Sirsi) u119855
100 _aBaker, C.
245 _aLocal heroes
260 _c2002
490 _aHousing Today
_v(295) 1 August 2002, 16-18(3)
520 _aReports on the recent developments concerning government plans for regional development agencies. They have been allotted new powers, larger budgets, and have the support of English Partnerships but it remains to be seen if they will actually deliver the required level of regeneration. Map.
590 _aABS
650 _aREGIONAL DEVELOPMENT AGENCIES
650 _aENGLISH PARTNERSHIPS
650 _aRDAS
690 _aREGENERATION
942 _n0
999 _c71234
_d71234